| 000 | 00484nam a2200193 a 4500 | ||
|---|---|---|---|
| 005 | 20210219152911.0 | ||
| 008 | 991125n 000 0 eng u | ||
| 035 | _aUPN01000066262 | ||
| 100 | 1 | _aGrodzinsky, Yoset | |
| 222 | 0 | _aBRAIN AND LANGUAGE | |
| 245 | 0 | 3 | _aThe breakdown of binding relations |
| 260 | _aEUA | ||
| 300 | _a396-922 | ||
| 362 | 0 | _a1993 Vol. 45, no. 3, oct. | |
| 653 | 0 | _aAFASIA | |
| 653 | 0 | _aTEORIA LINGUISTICA | |
| 904 |
_aAC _b004073 |
||
| 905 | _aArticulo | ||
| 999 |
_c63403 _d63403 |
||